000 00571nam a2200181Ia 4500
003 GCL
008 140319s9999 xx 000 0 ara d
040 _aGCL /
_cGCL
082 0 4 _a229.2
_bم ش
100 1 _aمحمود فوزى
245 1 0 _aالشيخ الشعراوى : العلاج بالقران وامور الدنيا /
_cمحمود فوزى
300 _a159 ص
490 _aالهيئة العامة للاستعلامات
_v0
650 0 4 _aالتداوى
650 0 4 _aالعلاج الدينى
650 0 4 _aالعلاج بالقران
942 _2ddc
_cBK
999 _c48965
_d48965